Kluby podkarpackie, Ekstraklasa, I, II, III liga - Statystyki

Ogólne statystyki
  • Ten quiz został rozwiązany 37 razy
  • Średni wynik to 5 z 8
Statystyki odpowiedzi
Liga Kluby % Poprawnych
I liga Stal Rzeszów
97%
I liga Stal Mielec
90%
II liga Resovia Rzeszów
81%
II liga Stal Stalowa Wola
81%
III liga Siarka Tarnobrzeg
65%
III liga Wisłoka Dębica
61%
III liga Pogoń-Sokół Lubaczów
35%
III liga Sokół Kolbuszowa Dolna
29%
Nie znaleziono quizów pasujących do podanych kryteriów
Rozkład punktacji
Procent ludzi z każdym wynikiem
Percentyl według liczby udzielonych odpowiedzi
Twoja historia wyników
Nie rozwiązałeś tego quizu